00446cam a2200157ua 45000010005000000080039000050400009000440820013000531000032000662450061000982500009001592600038001683000022002066530024002286530036002523708111129n ii |||gr||||Z||||||asm cMAIN a891.45141 aBorgohain, Homen,eEditor.,11aBingsa satabdir asamiya sahityaced. by Homen Borgohain  a1st. aJorhat:bAssam sahitya sabha,967. a196p; 36p:c23cm. aAssamese literature aBingsa satabdir asamiya sahitya